000 00565nam a2200217Ia 4500
005 20250425160927.0
008 250425s9999 xx 000 0 und d
020 _a9682606306
041 _aspa
082 _a658.568
100 _aFEIGENBAUM, ARMAND V.
245 0 _aCONTROL TOTAL DE LA CALIDAD
250 _a2A ED.
260 _aEstados Unidos
_bCECS
_c1986
260 _aS.L.
300 _a871
500 _aTítulo Traducido: TOTAL QUALITY CONTROL
700 _aMA. ASENCIO GPE DE LA CAMPA PEREZ SEVILLA
_etraductor
942 _c01
010 _a8537
999 _c199002
_d199002